000 07926namaa22004331i 4500
003 EG-GICUC
005 20260503130745.0
008 260503s2025 ua a|||frm||| 000 0 eng d
040 _aEG-GICUC
_beng
_cEG-GICUC
_dEG-GICUC
_erda
041 0 _aeng
_beng
_bara
049 _aDeposit
082 0 4 _a615.82
092 _a615.82
_221
097 _aM.Sc
099 _aCai01.21.06.M.Sc.2025.Re.S
100 0 _aReham Fathy Fouad Hussein,
_epreparation.
245 1 0 _aSensory processing abilities in relation to postural stability and selective motor control in children with hemiplegia /
_cby Reham Fathy Fouad Hussein ; Supervisors Prof. Dr. Samah Attia El Shemy, Prof. Dr. Shimaa Mohamed Refaat.
246 1 5 _aقدرات المعالجة الحسية وعلاقتها بالاتزان وانتقائية التحكم الحركي لدى الأطفال المصابين بالفالج الشقي
264 0 _c2025.
300 _a201 pages :
_billustrations ;
_c25 cm. +
_eCD.
336 _atext
_2rda content
337 _aUnmediated
_2rdamedia
338 _avolume
_2rdacarrier
502 _aThesis (M.Sc)-Cairo University, 2025.
504 _aBibliography: pages 162-250.
520 3 _aBackground: Children with hemiplegia exhibit disruptions in sensorimotor function, including muscle weakness, abnormal muscle tone, reduced selective motor control, and spasticity that contribute to functional limitations and participation restriction. Purposes: This study aimed to assess sensory processing abilities, postural stability and selective voluntary motor control (SVMC) in children with hemiplegic cerebral palsy (CP) and to determine the difference between children with hemiplegic CP and age-matched typically developing children (TDC) as well as to determine the relation of sensory processing abilities with postural stability and selective motor control. Methods: Thirty children with hemiplegic CP and thirty TDC, their age ranged between 6-10 years participated in this study. Child sensory profile 2 (CSP-2) was used for evaluating sensory processing abilities, test of arm selective control (TASC) and selective control assessment of the lower extremity scale (SCALE) were used for assessing SVMC of upper extremity and lower extremity and postural stability was assessed using HUMAC Balance System. Results: The results of the present study showed statistically significant decrease in HUMAC Balance System test scores of modified clinical test of sensory integration and balance (mCTSIB), center of pressure (COP) and limit of stability (LOS) 4 and 6 in children with hemiplegic CP compared with TDC (p < 0.001) respectively. A significant decrease was found in SCALE and TASC scores in children with hemiplegia compared with that of TDC (p < 0.001) while children with hemiplegic CP exhibited significantly higher scores compared to TDC across various sections of CSP-2. Negative correlations were found between CSP-2 scores and HUMAC balance system test scores, SCALE scores and TASC scores in most measured variables in children with hemiplegic CP. Conclusion: Children with hemiplegic CP have significant deficits in sensory processing abilities, postural stability and selective motor control compared to TDC. Sensory processing abilities are negatively correlated with
520 3 _aالخلفية: يُظهر الأطفال المصابون بالفالج الشقى اضطرابات في الوظيفة الحسية الحركية، بما في ذلك ضعف العضلات، وتوتر العضلات غير الطبيعي ، وانخفاض انتقائية التحكم الحركي ، والتقلص العضلي اللاإرادي، مما يساهم في الحد من القدرات الوظيفية والمشاركة. الأهداف: تهدف هذه الدراسة إلى تقييم قدرات المعالجة الحسية، و الاتزان، وانتقائية التحكم الحركي لدى الأطفال المصابين بالفالج الشقى ، وتحديد الفرق بينهم وبين الأطفال الأسوياء المطابقين في العمر، وكذلك تحديد العلاقة بين قدرات المعالجة الحسية وكل من الاتزان وانتقائية التحكم الحركي. الطرق: شارك في هذه الدراسة ثلاثون طفلاً مصاباً بالفالج الشقى وثلاثون طفلاً من الأسوياء المطابقين في العمر، تراوحت أعمارهم بين 6-10 سنوات. تم استخدام "مقياس الملف الحسي للطفل 2" لتقييم قدرات المعالجة الحسية، وتم استخدام "اختيار التحكم الانتقائي للذراع" و"تقييم التحكم الانتقائي للأطراف السفلية" لتقييم انتقائية التحكم الحركي للطرف العلوي والطرف السفلي على التوالي ، وتم تقييم الاتزان باستخدام نظام "هيوماك" للتوازن. النتائج: أظهرت نتائج الدراسة الحالية انخفاضاً ذو دلالة إحصائية في درجات اختبار نظام "هيوماك" للتوازن لـ "اختبار التكامل الحسي والاتزان السريري المعدل"، ومركز الضغط، وحدود الاستقرار 4 و 6 لدى الأطفال المصابين بالفالج الشقى مقارنة بالأطفال الأسوياء المطابقين في العمر على التوالي. كما وجد انخفاض ذو دلالة إحصائية في درجات "تقييم التحكم الانتقائي للأطراف السفلية" و"اختيار التحكم الانتقائي للذراع" لدى الأطفال المصابين بالفالج الشقى مقارنة بالأطفال الأسوياء المطابقين في العمر، بينما سجل الأطفال المصابون بالفالج الشقى درجات أعلى بشكل ملحوظ مقارنة بالأطفال الأسوياء المطابقين في العمر عبر الأقسام المختلفة لـ "الملف الحسي للطفل 2". ووجدت علاقات ارتباط عكسية بين درجات "مقياس الملف الحسي للطفل 2" ودرجات اختبار نظام "هيوماك" للتوازن، ودرجات "تقييم التحكم الانتقائي للأطراف السفلية"، ودرجات "اختيار التحكم الانتقائي للذراع" في معظم المتغيرات المقاسة لدى الأطفال المصابين بالفالج الشقى. الاستنتاج: يعاني الأطفال المصابون بالفالج الشقى من اضطراب في قدرات المعالجة الحسية، و الاتزان، وانتقائية التحكم الحركي مقارنة بالأطفال الأسوياء المطابقين في العمر. ترتبط قدرات المعالجة الحسية ارتباطاً عكسياً بكل من الاتزان وانتقائية التحكم الحركي لدى الأطفال المصابين بالفالج الشقى.
530 _aIssues also as CD.
546 _aText in English and abstract in Arabic & English.
650 0 _aPhysical Therapy
650 0 _aالعلاج الطبيعي
653 1 _aSensory processing abilities
_aPostural stability
_aSelective voluntary motor control
_aHemiplegia
_aCerebral palsy
_aقدرات المعالجة الحسية ،
_aانتقائية التحكم الحركي
700 0 _aSamah Attia El Shemy
_ethesis advisor.
700 0 _aShimaa Mohamed Refaat
_ethesis advisor.
900 _b01-01-2025
_cSamah Attia El Shemy
_cShimaa Mohamed Refaat
_UCairo University
_F Faculty of Physical Therapy
_DDepartment of Physical Therapy for Pediatrics
905 _aShimaa
942 _2ddc
_cTH
_e21
_n0
999 _c179925